000 01923nam a22002057a 4500
005 20250912151816.0
020 _a9789393715388
082 0 0 _a909.098 21 PET/S
_223
100 1 _aPetri, Rolf,
_91363
245 1 2 _aA short history of Western ideology :
_ba critical account /
_cby Rolf Petri.
260 _a. - New Delhi
_b: Bloomsbury
_c, 2024
300 _a1 online resource.
504 _aIncludes bibliographical references.
505 0 _aEurope and history -- Freedom and sovereignty -- Hierarchy among equals -- A craving for goodness -- Ecology and apocalypse.
520 _a"We are arguably living in a 'postideological' era. However, when we tune into the TV news we can hear political leaders talk about 'advanced' societies, geopolitical experts suggest 'humanitarian' interventions, and sober events presenters qualify a murder as 'barbaric'. What does this mean? In this comprehensive book, Rolf Petri reveals how our everyday political language is full of ideological representations of the world, and places them in an accessible historical narration. From the secularization of Europe and the Enlightenment project of 'civilization' to the contemporary preoccupation with ecological catastrophes or the end of history, A Short History of Western Ideology carves out the central elements of western ideology. It focuses on a wide variety of issues including religion, colonialism, race and gender, which are essential for how we conceive of the modern world. By creating an awareness of the ideological character of the western worldview, its limits and its flaws, this book warns us of the dangers that derive from a self-righteous mindset. It is stimulating and important reading for history and politics students seeking to understand the ideology of the western world"--
650 0 _aIdeology.
_91364
650 0 _aCivilization, Western.
_91365
650 0 _aEast and West.
_91366
942 _2ddc
_cBK
999 _c751337
_d751337